1602 1548 1441 1343 1180 1363 1726 1200 1606 1072 1156 1712 1212 1587 1048 1183 1662 1166 1784 1814 1189 1960 1562 1885 1576 1886 1512 1066 1309 1896 1747 1006 1810 1512 1682 1558 1503 1786 1677 1233 1628 1986 1716 1865 1704 1381 1840 1859 1560 1244 1697 1112 1318 1264 1568 1247 1616 1335 1284 1355 1962 1438 1124 1451 1668 1926 1496 1564 1936 1810 1326 1698 1290 1273 1233 1561 1366 1996 1296 1174 1141 1327 1137 1453 1720 1576 1319 1989 1307 1183 1891 1735 1744 1746 1177 1002 1019 1958 1221 BCNSPRNW ULIB Ver.6.0+V

เปลี่ยนเป็นภาษาไทย

Change to English
 แสดงรายละเอียดบรรณานุกรม
  กลับหน้าหลัก

Brief Record : Get Marc (ISO 2709) : E-mail record : QR code < ปิดหน้าต่าง
LEADER : 00000nam 2200000uu 4500
001    13399112334
003     ULIB
008    110627s2553||||th 000 0 tha d
020    9786165010054
090    นว.^bห481ร 2553
100 0  หัสบรรณ
245 00 รักนี้...โบกี้สุดท้าย/^cหัสบรรณ
250    พิมพ์ครั้งที่ 1
260    กรุงเทพฯ :^bPrincess,^c2553
300    256 หน้า
710 1  Princess
945    ^p180^l0^i030394
995    ทศพร
999 ^a ใช้งานได้ทุกระบบ
รายการนี้ยังไม่มีแท็ก
คุณยังไม่ได้ล็อกอิน คุณสามารถมีกิจกรรมร่วมกับเว็บไซต์ได้ แต่ต้องล็อกอินก่อน ::
  ล็อกอิน

รายการสื่อสารสนเทศ

ลำดับที่ ประเภท เลขเรียก/บาร์โค้ด สถานที่ สถานะ
- ไม่พบข้อมูล -

รายการใกล้เคียง
    ผู้แต่ง [หัสบรรณ]

BibComment


ยังไม่เคยถูกคอมเมนท์

คอมเมนท์ทรัพยากรรายการนี้
  คอมเมนท์: รักนี้โบกี้สุดท้า..


 Copyright 2026. Bcnsprnw @Library